Strategize! : experiential exercises in strategic management
Salvato in:
| Autore principale: | |
|---|---|
| Natura: | Libro |
| Pubblicazione: |
Mason :
South-Western Cengage Learning,
2010.
|
| Soggetti: | |
| Tags: |
Aggiungi Tag
Nessun Tag, puoi essere il primo ad aggiungerne!!
|
MARC
| LEADER | 00000nam a2200000 4500 | ||
|---|---|---|---|
| 020 | |a 9781439041291 |c TZS 66,294.67 | ||
| 040 | |a MUL |b eng. |e AACR | ||
| 082 | |a 658.4012 GOF | ||
| 100 | |a Gopinath C. | ||
| 245 | |a Strategize! : |b experiential exercises in strategic management |c / C. Gopinath, Julie Siciliano | ||
| 260 | |a Mason : |b South-Western Cengage Learning, |c 2010. | ||
| 300 | |a xiii, 172 p. : |b ill. ; |c 28 cm. | ||
| 504 | |a Includes index. | ||
| 546 | |a eng. | ||
| 650 | |a Strategic planning | ||
| 942 | |c BK | ||
| 999 | |c 5202 |d 5202 | ||